US Presidential Candidates, 2012 - Statistics

General Stats
  • This quiz has been taken 52 times
  • The average score is 3 of 7
Answer Stats
Party Answer % Correct
Democratic Barack Obama
100%
Republican Mitt Romney
97%
Libertarian Gary Johnson
55%
Green Jill Stein
42%
Constitution Virgil Goode
24%
Reform Andre Barnett
9%
Socialist Stewart Alexander
9%
No matching quizzes found
Score Distribution
Percent of People with Each Score
Percentile by Number Answered
Your Score History
You have not taken this quiz